02221nam a2200433 a 450000100080000000500110000800800410001910000200006024501060008026000340018630000090022049000460022952011250027565000090140065000180140965000220142765000090144965000150145865000100147365000190148365000190150265000100152165000190153165000260155065000170157665000110159365000180160465300180162265300110164065300170165165300150166865300220168365300100170565300150171565300150173065300150174565300140176065300130177412039872006-10-26 1995 bl uuuu u0uu1 u #d1 aSOUZA, F. X. de aDescrição e utilização de um carbonizador de cascas de arroz para uso na propagação de plantas. aTeresina: EMBRAPA-CPAMNc1995 a3 p. a(EMBRAPA-CPAMN. Comunicado Técnico, 63). aNo beneficiamento do arroz, a casca corresponde a cerca de 20% do peso dos resíduos. Tem lenta biodegradação, baixa densidade e peso específico. Quando não é queimada visando o aproveitamento energético, já que é muito rica em carbono, fica ao relento de onde é facilmente levada pelo vento para outras áreas, causando problemas de poluição ambiental.Carbonizada a casca de arroz pode ser usada como substrato (pura ou em mistura com outros materiais) na propagação de plantas florestais,frutíferas, olerícolas e ornamentais. Porém, o desconhecimento de tal utilidade é um dos fatores do seu baixo aproveitamento. Como substrato, apresenta as seguintes características físicas e químicas: densidade seca = 150 g/l; capacidade de retenção de água = 53,9%; capacidade de tro...ca de cations = 5,5 meq/dl; pH em água = 7,4; teor de sais solúveis= 0,7 g/l; nitrogênio = 0,7%; fósforo = 0,2% potássio = 0,3%. E leve, poroso,livre de plantas daninhas, nematóides e patógenos, tem volume constante, coloração escura, boa aeração e drenagem, podendo ser utilizado logo após a carbonização. abark acarbonization aplant propagation arice arice straw aArroz aBeneficiamento aCarbonização aCasca aCasca de Arroz aEquipamento Agrícola aOryza Sativa aPlanta aProcessamento aArroz - casca aBrasil aCarbonizador aCarbonizer aFarming equipment aPiaui aProcessing aPropagacao aRice husks aSubstrato aTeresina